000 00672nam a2200241Ia 4500
003 OSt
005 20221006164846.0
006 a|||||r|||| 00| 0
007 ta
008 221006b |||||||| |||| 00| 0 eng d
024 _a6,774
037 _cTextual
040 _aFML
_cFML
_beng
041 _2eng
_aeng
082 _a(:f)ObMZ, M51
100 _aAmarjeet Singh Au.
_9678504
245 0 _aResearch Methodology In Social Sciencs
260 _aMumbai
_bHimalaya India
_c1985
300 _a287
_ccm.
700 _a A. N. Sadhu Au.
_9678505
942 _h(:f)ObMZ, M51
_cTEXL
_2CC
999 _c1118727
_d1118727